Statistiques concernant Films d'animations mals décrits #4

Cliquez ici pour prendre le quiz!

Statistiques générales

  • Ce quiz a été pris 176 fois
  • Le résultat moyen est 7 sur 16

Statistiques - réponses

DescriptionsFilms% Correct
C'est l'histoire d'un petit gastronome qui manipule telle une marionette un bon à rien qui ne sait pas tenir un couteau correctementRatatouille
96%
C'est l'histoire d'un bébé beaucoup trop intelligent pour son âge qui veut que les chiots soient exterminés de la TerreBaby boss
72%
C'est l'histoire d'une fille surprotégée par son père qui décide de partir en bateau avec un homme beaucoup trop tatoué pour sauver le monde d'un gigantesque volcan avec une tête et des brasVaiana
72%
C'est l'histoire d'un vieux monsieur qui veut être papa et qui décide de créer un enfant menteur qui va finir par les conduire dans une baleinePinocchio
62%
C'est l'histoire d'une femme qui se fait courtiser par un homme avec de gros muscles mais qui préfère la beautè interieure d'une grosse vache en costumeLa belle et la bête
60%
C'est l'histoire d'une travailleuse acharnée qui se dit que les batraciens c'est pas si moche que ça au finalLa princesse et la grenouille
53%
C'est l'histoire d'un véhicule qui voyage à travers le monde pour gagner un grand prix qui a un ami qui s'improvise agent secret sous couvertureCars 2
50%
C'est l'histoire d'une boule verte et d'un ours avec des cornes bleu qui cherchent une petite fille déguisée dans un monde où l'homme peut être trés dangeureux pour ses habitantsMonstres et Cie
47%
C'est l'histoire d'une knaki qui décide de se réchauffer dans un pain à hot-dog pendant tout le filmSausage party
47%
C'est l'histoire d'une orpheline qui adore danser sauf qu'elle n'a pas d'argent alors elle décide de voler l'identité d'une fille voulant faire cours à l'opéra de ParisBallerina
34%
C'est l'histoire d'un gros monsieur qui aime péter dans la boue sauf que cette fois si il va signer un contrat avec la mauvaise personneShrek 4
33%
C'est l'histoire d'une abeille qui parle qui propose à une femme des rendez-vous et qui détruit l'écosysteme car tout le miel à été remit dans les ruchesBee Movie
32%
C'est l'histoire d'un homme qui, dans le même film, retrouve sa mère et perd son père lors d'une bataille épique contre une grosse bête volante et une multitude de bêtes volantes manipuléesDragons 2
19%
C'est l'histoire d'un enfant et d'un chien à lunettes qui trouvent que voyager dans le temps pour vivre des moments historiques en vrai c'était amusantMr Peabody et Sherman
11%
C'est l'histoire d'une grande marque de jouet qui s'est dit que faire un crossoveur entre pleins de franchises super connues serait une super bonne idée mais qui décide que le personnage principal soit un mec qui bosse dans des chantiers et qui n'a pas d'amiLa grande aventure Lego
10%
C'est l'histoire d'un groupe de potes qui doivent apprendre à arrêter de voler s'ils ne veulent pas aller en prisonLes Bad Guys
4%

Distribution des résultats

Percentile par nombre de réponses

% des personnes avec chaque résultat

Votre développement - résultats

Vous n’avez pas pris ce quiz